Gorze - Choix multiples - Statistiques

Statistiques générales
  • Ce quiz a été pris 4 fois
  • Le résultat moyen est 4 sur 10
Statistiques - réponses
Question Réponse % Correct
Laquelle de ces photos représente la collégiale Saint-Étienne de Gorze ?
100%
Sous les ordres de quel roi de France le duc de Montmorency assiège le château de Gorze en 1552 afin de prendre la ville à Charles Quint ? Henri II
100%
Jusqu'à quelle ville mène cette construction ? Metz
75%
Quel attribut de l'église catholique est né à Gorze ? Le chant grégorien
50%
Laquelle de ces productions est originaire de Gorze dans le département ? Vin
50%
Quel saint mais également chancelier de Charles Martel et Pépin le Bref a fondé l'abbaye de Gorze ? Chrodegang
25%
Qu'a fait à Gorze en 1918 George Kenney, le principal cerveau des forces alliées lors de la Guerre du Pacifique durant la Seconde Guerre mondiale ? Il y obtient sa toute première victoire aérienne
25%
La réforme de Gorze du Xe siècle a modifié durablement la pratique monastique dans tout le Saint-Empire. Sur les écrits de quel saint se basait cette réforme ? saint Benoît de Nursie
0%
Pour quelle spécialité culinaire était célèbre Gorze jusqu'en 2014 ? sa tomme de fromage
0%
Quelle construction romaine fait en partie la réputation de Gorze ? Son aqueduc
0%
Aucun quiz correspondant
Distribution des résultats
% des personnes avec chaque résultat
Percentile par nombre de réponses
Votre historique - résultats
Vous n’avez pas pris ce quiz